000
00244nam a2200109Ia 4500
008
190216s9999||||xx |||||||||||||| ||und||
100
_a
Tandom B N
245
0
_a
Principles Of Mercantile Law
260
_b
Null
_c
1983
300
_a
45p
942
_c
BK
999
_c
5346
_d
5346